Loading...
| Literature - World | 0 | 7 | 0 | 1 | 70 | 76 | 108.71 | 0 | 5 | 0.00 | 0.00 |
| History - American | 0 | 6 | 0 | 0 | 60 | 50 | 62.00 | 4 | 6 | 0.00 | 0.00 |
| Fine Arts - Classical Music | 0 | 6 | 1 | 0 | 55 | 77 | 111.00 | 1 | 5 | 0.00 | 0.00 |
| Literature - British | 0 | 5 | 0 | 0 | 50 | 59 | 101.40 | 1 | 3 | 0.00 | 0.00 |
| History - World | 0 | 5 | 0 | 1 | 50 | 70 | 90.60 | 2 | 4 | 0.00 | 0.00 |
| Literature - European | 0 | 4 | 0 | 0 | 40 | 112 | 115.50 | 0 | 1 | 0.00 | 0.00 |
| Mythology | 0 | 4 | 0 | 0 | 40 | 57 | 94.25 | 3 | 3 | 0.00 | 0.00 |
| Literature - American | 0 | 4 | 0 | 1 | 40 | 95 | 119.25 | 0 | 1 | 0.00 | 0.00 |
| Fine Arts - Painting & Sculpture | 0 | 4 | 0 | 0 | 40 | 94 | 109.50 | 0 | 2 | 0.00 | 0.00 |
| History - European | 0 | 4 | 1 | 1 | 35 | 16 | 87.50 | 2 | 2 | 0.00 | 0.00 |
| Religion | 0 | 3 | 1 | 1 | 25 | 51 | 87.00 | 1 | 2 | 0.00 | 0.00 |
| History - Other | 0 | 3 | 1 | 0 | 25 | 76 | 102.00 | 2 | 3 | 0.00 | 0.00 |
| Science - Other | 0 | 2 | 0 | 1 | 20 | 119 | 121.50 | 0 | 2 | 0.00 | 0.00 |
| Other | 0 | 2 | 0 | 0 | 20 | 99 | 116.00 | 1 | 2 | 0.00 | 0.00 |
| Philosophy | 0 | 1 | 0 | 0 | 10 | 105 | 105.00 | 0 | 0 | 0.00 | 0.00 |
| Science - Physics | 0 | 1 | 0 | 0 | 10 | 54 | 54.00 | 1 | 1 | 0.00 | 0.00 |
| Fine Arts - Other | 0 | 1 | 1 | 0 | 5 | 101 | 101.00 | 0 | 1 | 0.00 | 0.00 |